Najbogatsze województwa w Polsce - Statystyki

Ogólne statystyki
  • Ten quiz został rozwiązany 363 razy
  • Średni wynik to 5 z 5
Statystyki odpowiedzi
% w krajowym pkb województwo % Poprawnych
22,9% Mazowieckie
99%
11,6% Śląskie
92%
10.3 % Wielkopolskie
89%
8,4 % Dolnośląskie
88%
8,1 % Małopolskie
88%
Nie znaleziono quizów pasujących do podanych kryteriów
Rozkład punktacji
Procent ludzi z każdym wynikiem
Percentyl według liczby udzielonych odpowiedzi
Twoja historia wyników
Nie rozwiązałeś tego quizu